Hello, My Name Is...'M' Quiz Stats

Quiz Updated Jul 5, 2017

Challenge
Share
Tweet
Score 0/25 Timer 06:00
10 Plays Today
Column % Correct
Marilyn Monroe
94.5%
Morgan Freeman
93%
Michael J. Fox
92%
Mike Myers
87.6%
Miley Cyrus
86.9%
Mick Jagger
85.6%
Meryl Streep
83.2%
Madonna
76.8%
Mila Kunis
76%
Mary Tyler Moore
75.6%
Mariah Carey
73.7%
Martha Stewart
73.1%
Martin Short
66.2%
Column % Correct
Mario Lopez
64.5%
Marlon Brando
62.6%
Molly Ringwald
62.5%
Mel Brooks
54.5%
Marvin Gaye
48.8%
Macaulay Culkin
43.6%
Mia Farrow
40.5%
Marisa Tomei
38%
Milton Berle
34.2%
Merv Griffin
32.9%
Mae West
31.3%
Miles Davis
25.7%

You're not logged in!

Compare scores with friends on all Sporcle quizzes.
Sign Up with Email
OR
Log In

You Might Also Like...

Show Comments

Extras

Top Quizzes Today


Score Distribution

Your Account Isn't Verified!

In order to create a playlist on Sporcle, you need to verify the email address you used during registration. Go to your Sporcle Settings to finish the process.